• 首页
  • 本馆介绍
  • 公告通知
  • 最新文献
  • 馆藏检索
  • 电子资源
  • 读者导购
  • 参考咨询
  • 我的图书馆
  • 登录
  • 详细信息显示
  • 放入我的书架
  • 预约/预借图书
  • 作者相关作品
  • 分类相关作品
  • 丛书相关作品
  • 出版社相关作品

书目信息

  • 表格格式
  • 工作单格式
  • 卡片格式
题名:
我的国家史
    
 
作者: 何建明, 著
分册:  
出版信息: 济南   山东文艺出版社  2018
页数: 425页
开本: 24cm
丛书名:
单 册:
中图分类: I253.3 , D619
科图分类:
主题词: 报告文学--Bao Gao Wen Xue--中国--当代 , 改革开放--Gai Ge Kai Fang--成就--中国--1978-2018
电子资源:
ISBN: 978-7-5329-5781-1
000 01173nam0 2200277 450
001 012001006315
005 20131016114857.0
010    @a978-7-5329-5781-1@dCNY45.00
099    @aCAL 012018200981
100    @a20181229d2018 em y0chiy50 ea
101 0  @achi
102    @aCN@b370000
105    @aa z 000zy
106    @ar
200 1  @a我的国家史@Awo de guo jia shi@e中国改革开放四十年现场实录@f何建明著
210    @a济南@c山东文艺出版社@d2018
215    @a425页@c图@d24cm
330    @a本书作者从台州皂树村分田到户、上海浦东开放、安吉余村生态文明建设等八个事件切入,以历史的真实性和文学的艺术性描绘了改革开放四十年波澜壮阔的历史画卷,既展现了中国共产党和中国人民坚定不移、勇往直前的奋斗精神,又体现了转型的阵痛和变革的艰难,进一步鼓舞全国人民践行改革开放再出发的“中国梦”征程。
517 1  @a中国改革开放四十年现场实录@Azhong guo gai ge kai fang si shi nian xian chang shi lu
606 0  @a报告文学@ABao Gao Wen Xue@y中国@z当代
606 0  @a改革开放@AGai Ge Kai Fang@x成就@y中国@z1978-2018
690    @aI253.3@v5
690    @aD619@v5
701  0 @a何建明,@Ahe jian ming@f1956-@4著
801  0 @aCN@b上海新华@c20191020
905    @b1099335-9@dI253.3@e1101@f5
    
    我的国家史:中国改革开放四十年现场实录/何建明著.-济南:山东文艺出版社,2018
    425页:图;24cm
    
    
    ISBN 978-7-5329-5781-1:CNY45.00
    本书作者从台州皂树村分田到户、上海浦东开放、安吉余村生态文明建设等八个事件切入,以历史的真实性和文学的艺术性描绘了改革开放四十年波澜壮阔的历史画卷,既展现了中国共产党和中国人民坚定不移、勇往直前的奋斗精神,又体现了转型的阵痛和变革的艰难,进一步鼓舞全国人民践行改革开放再出发的“中国梦”征程。
●
相关链接 在E读中查询图书 在五车中查询图书 在当当中查询图书 在豆瓣中查询图书


正题名:我的国家史     索取号:I253.3/1101         预约/预借

序号 登录号 条形码 馆藏地/架位号 状态 备注
1 1099335   210993353   第一样本阅览室/ [索取号:I253.3/1101] 在馆    
2 1099336   210993362   第二借阅区/ [索取号:I253.3/1101] 在馆    
3 1099337   210993371   第二借阅区/ [索取号:I253.3/1101] 在馆    
4 1099338   210993380   第二借阅区/ [索取号:I253.3/1101] 在馆    
5 1099339   210993399   第二借阅区/ [索取号:I253.3/1101] 在馆    
唐山师范学院图书馆 欢迎您!
大连网信软件有限公司© 版权所有